[Event "World Rapid Women 2025"]
[Site "Doha QAT"]
[Date "2025.12.27"]
[Round "6.46"]
[White "Berikkyzy Alanna"]
[Black "Omonova, Umida"]
[Result "0-1"]
[WhiteTitle "WFM"]
[BlackTitle "WIM"]
[WhiteElo "2241"]
[BlackElo "2294"]
[WhiteFideId "13780719"]
[BlackFideId "14210363"]
[EventDate "2025.12.26"]

1. e4 e5 2. Nc3 Nf6 3. Bc4 c6 4. d4 exd4 5. Qxd4 d6 6. Nf3 Be7 7. Bf4 O-O 8. O-O
b5 9. Be2 c5 10. Qd2 Bb7 11. e5 dxe5 12. Bxe5 Qxd2 13. Nxd2 a6 14. Rad1 Nc6 15.
Bxf6 Bxf6 16. Nce4 Nd4 17. Nxf6+ gxf6 18. Bd3 Rad8 19. Be4 Bc8 20. c3 Ne2+ 21.
Kh1 Rfe8 22. Bf3 Nf4 23. Ne4 Kg7 24. Nxc5 a5 25. g3 Nh3 26. Kg2 Ng5 27. g4 h5
28. h3 hxg4 29. Bxg4 f5 30. h4 fxg4 31. hxg5 Kg6 32. Kg3 Bf5 33. Nb3 Kxg5 34.
Nxa5 Bd3 35. Rfe1 Rxe1 36. Rxe1 f5 37. f4+ gxf3 38. Kxf3 Be4+ 39. Ke3 Rd3+ 40.
Ke2 Rh3 41. Rg1+ Kf4 42. Rf1+ Ke5 43. Rf2 f4 44. Nb3 Re3+ 45. Kd2 Rd3+ 46. Ke2
f3+ 47. Ke1 Kf4 48. Nd2 Bc6 49. Nf1 Rd6 50. Rd2 Re6+ 51. Kf2 Rg6 52. Ne3 Rh6 53.
Nf1 Be4 54. Rd4 Ke5 55. Ke3 Bc6 56. a3 Re6 57. Kf2 Rh6 58. Rd2 Bd5 59. Rd4 Rh1
60. Ne3 Be4 61. Nf1 Bc6 62. Rd8 Rh6 63. Rd4 Be4 64. Rd2 Kf4 65. Rd4 Ke5 66. Ke3
Bd5 67. Kf2 Rh7 68. Rd2 Bc4 69. Kxf3 Bxf1 70. Kf2 Bc4 71. Ke3 Rh3+ 72. Kf2 Bd3
73. Kg2 Re3 74. Kf2 Ke4 75. b3 Rf3+ 76. Kg1 Ke3 77. Rg2 Rf1+ 78. Kh2 Be4 79.
Rg3+ Kf4 80. Rg1 Rf2+ 81. Kh3 Bf5+ 82. Kh4 Rh2# 0-1

[Event "World Rapid Women 2025"]
[Site "Doha QAT"]
[Date "2025.12.27"]
[Round "6.47"]
[White "Wafa, Shahenda"]
[Black "Zhang, Lanlin"]
[Result "1/2-1/2"]
[WhiteTitle "WGM"]
[BlackTitle "WIM"]
[WhiteElo "2074"]
[BlackElo "2291"]
[WhiteFideId "10609962"]
[BlackFideId "8608032"]
[EventDate "2025.12.26"]

1. e4 e5 2. Nf3 Nc6 3. Bb5 a6 4. Ba4 Nf6 5. O-O Be7 6. Re1 b5 7. Bb3 O-O 8. h3
d6 9. c3 Bb7 10. d4 Re8 11. Ng5 Rf8 12. Nf3 Re8 13. Ng5 Rf8 14. Nf3 h6 15. Nbd2
Re8 16. Nf1 Bf8 17. Ng3 a5 18. d5 Nb8 19. a4 b4 20. cxb4 axb4 21. Bd2 c5 22.
dxc6 Nxc6 23. Bc4 Nxe4 24. Nxe4 d5 25. Bb5 dxe4 26. Rxe4 Na7 27. Bxe8 Bxe4 28.
Bxf7+ Kxf7 29. Nxe5+ Kg8 30. Qe2 Qd5 31. Qc4 Bxg2 32. Qxd5+ Bxd5 33. Nd7 Nc6 34.
Bxh6 gxh6 35. Nf6+ Kf7 36. Nxd5 Ra5 37. Ne3 Nd4 38. Nc4 Rc5 39. Ne3 b3 40. Rd1
Nc2 41. Rd3 Na1 42. Rd7+ Ke6 43. Rd1 Nc2 44. Rd3 Nxe3 45. Rxe3+ Kf7 46. Rxb3 Rc2
47. Rf3+ Kg7 48. b3 Bc5 49. Kg2 Kg6 50. h4 Rd2 51. Rf4 Bd6 52. Re4 Kf5 53. Rc4
Rb2 54. Rc6 Bf4 55. Rc3 Kg4 56. a5 Kxh4 57. a6 Bb8 58. Rc4+ Kg5 59. b4 Ba7 60.
Rc7 Bxf2 61. Kf3 Bb6 62. Rb7 Bd4 63. b5 Ra2 64. Rd7 Bb6 65. Rb7 Bc5 66. Rd7 Bb6
67. Rb7 Bc5 68. Rd7 Kf6 69. Rc7 Bd6 70. Rc6 Ke5 71. Kg4 Kd5 72. Kh5 Ra5 73. Rb6
Bf4 74. Rb7 Be3 75. Kg4 Kc4 76. Kh5 Bd4 77. Kxh6 Rxb5 78. Rxb5 Kxb5 79. a7 Bxa7 1/2-1/2

[Event "World Rapid Women 2025"]
[Site "Doha QAT"]
[Date "2025.12.27"]
[Round "6.48"]
[White "Kirtadze, Anastasia"]
[Black "Dimitrijevic, Aleksandra"]
[Result "1-0"]
[WhiteTitle "WIM"]
[BlackTitle "WGM"]
[WhiteElo "2281"]
[BlackElo "2063"]
[WhiteFideId "13622714"]
[BlackFideId "929239"]
[EventDate "2025.12.26"]

1. e4 c5 2. Nf3 e6 3. d4 cxd4 4. Nxd4 Nc6 5. Nc3 d6 6. g4 a6 7. Be3 Nge7 8. Bg2
Ng6 9. Rg1 h6 10. Qd2 Be7 11. O-O-O Nce5 12. Qe2 Bg5 13. Kb1 Bxe3 14. Qxe3 Nxg4
15. Qg3 Nf6 16. Nde2 e5 17. Bf3 Be6 18. h4 h5 19. Qg5 Qc7 20. Nd5 Bxd5 21. exd5
Qc4 22. Qe3 Rc8 23. c3 Qc5 24. Nd4 O-O 25. Nf5 e4 26. Be2 1-0

[Event "World Rapid Women 2025"]
[Site "Doha QAT"]
[Date "2025.12.27"]
[Round "6.49"]
[White "Zhurova, Anna"]
[Black "Serikbay, Assel"]
[Result "0-1"]
[WhiteTitle "WFM"]
[BlackTitle "WIM"]
[WhiteElo "2299"]
[BlackElo "2221"]
[WhiteFideId "54113075"]
[BlackFideId "13706799"]
[EventDate "2025.12.26"]

1. e4 c5 2. Nf3 e6 3. c3 Nf6 4. Bd3 Nc6 5. Bc2 Qc7 6. O-O d5 7. exd5 exd5 8. d4
cxd4 9. Nxd4 Nxd4 10. Qxd4 Bd6 11. Re1+ Be6 12. Ba4+ Kf8 13. Bh6 Kg8 14. Nd2
Bxh2+ 15. Kh1 Bd6 16. b4 Qb6 17. Be3 Qxd4 18. Bxd4 h5 19. Bc2 h4 20. Nf3 Rh5 21.
a4 h3 22. g3 Ne4 23. Kh2 f5 24. Nd2 Kf7 25. Nf1 Rc8 26. Rac1 b6 27. Bd1 Rh6 28.
f3 Nf6 29. Bb3 g5 30. Ne3 f4 31. gxf4 Bxf4+ 32. Kh1 Nh5 33. Ng4 Ng3+ 34. Kg1
Bxg4 35. fxg4 Bxc1 36. Bxd5+ Kf8 37. Rxc1 Ne2+ 38. Kh2 Nxc1 0-1

[Event "World Rapid Women 2025"]
[Site "Doha QAT"]
[Date "2025.12.27"]
[Round "6.50"]
[White "Parnali, S Dharia"]
[Black "Kairbekova, Amina"]
[Result "0-1"]
[WhiteTitle "WIM"]
[BlackTitle "WGM"]
[WhiteElo "2150"]
[BlackElo "2353"]
[WhiteFideId "5043131"]
[BlackFideId "13712799"]
[EventDate "2025.12.26"]

1. d4 Nf6 2. c4 g6 3. Nc3 Bg7 4. e4 d6 5. f3 O-O 6. Be3 c5 7. Nge2 Nc6 8. Rc1
Nh5 9. Qd2 b6 10. b3 e5 11. dxc5 bxc5 12. Bg5 Bf6 13. h4 Nd4 14. Bxf6 Qxf6 15.
Nd5 Qd8 16. Nxd4 exd4 17. Qg5 Be6 18. g4 Bxd5 19. gxh5 Qxg5 20. hxg5 Bc6 21. Rc2
f5 22. hxg6 hxg6 23. Rch2 fxe4 24. Rh8+ Kf7 25. R1h7+ Ke6 26. f4 d5 27. cxd5+
Bxd5 28. Bh3+ Kd6 29. Rd7+ Kc6 30. Rh6 Rg8 31. Rhh7 Rh8 32. Rc7+ Kb6 33. f5 Rxh7
34. Rxh7 gxf5 35. Bxf5 Rf8 36. Rh6+ Kb5 37. Bd7+ Kb4 38. g6 d3 39. Rh5 Bg8 40.
Re5 Kc3 41. Rxc5+ Kd4 42. Rh5 e3 43. g7 d2+ 0-1

[Event "World Rapid Women 2025"]
[Site "Doha QAT"]
[Date "2025.12.27"]
[Round "6.51"]
[White "Ismayil, Malak"]
[Black "Charkhalashvili, Inga"]
[Result "0-1"]
[WhiteTitle "WIM"]
[BlackTitle "WGM"]
[WhiteElo "2138"]
[BlackElo "2235"]
[WhiteFideId "13412604"]
[BlackFideId "13601431"]
[EventDate "2025.12.26"]

1. e4 c6 2. d3 d5 3. Nd2 g6 4. g3 Bg7 5. Bg2 dxe4 6. dxe4 Nf6 7. Ngf3 O-O 8. O-O
Na6 9. c3 Nc5 10. Qc2 Qd3 11. Qxd3 Nxd3 12. Ne1 Nxc1 13. Rxc1 Bh6 14. f4 e5 15.
Nc4 exf4 16. gxf4 Nh5 17. Nc2 Nxf4 18. Rcd1 Bg4 19. Bf3 Be6 20. Na5 Rab8 21. Nd4
Bxa2 22. b3 c5 23. Nb5 b6 24. Nc6 Bxb3 25. Rd7 Ra8 26. e5 Be6 27. Rd6 Bc4 28.
Nbxa7 Bxf1 29. Kxf1 Rae8 30. Nb5 Bg7 31. c4 Bxe5 32. Rd7 Bf6 33. Nd6 Re3 34. Kf2
Rd3 35. Be4 Bh4+ 0-1

[Event "World Rapid Women 2025"]
[Site "Doha QAT"]
[Date "2025.12.27"]
[Round "6.52"]
[White "Gaal, Zsoka"]
[Black "Tarasenka, Aliaksandra"]
[Result "1-0"]
[WhiteTitle "IM"]
[BlackTitle "WIM"]
[WhiteElo "2374"]
[BlackElo "2266"]
[WhiteFideId "777765"]
[BlackFideId "13514288"]
[EventDate "2025.12.26"]

1. Nf3 d5 2. g3 Nc6 3. d4 Bf5 4. Bg2 Nb4 5. Na3 e6 6. O-O Be7 7. c3 Nc6 8. Qa4
Qd7 9. Nb5 a6 10. Ne5 Nxe5 11. Nxc7+ Kd8 12. Qxd7+ Nxd7 13. Nxa8 Kc8 14. Bf4 g5
15. Bc7 b6 16. c4 Ngf6 17. cxd5 exd5 18. Be5 Rd8 19. Rac1+ Kb7 20. Bxf6 Bxf6 21.
Bxd5+ Kb8 22. Nc7 Ka7 23. e4 Bh3 24. Rfd1 1-0

[Event "World Rapid Women 2025"]
[Site "Doha QAT"]
[Date "2025.12.27"]
[Round "6.53"]
[White "Lesbekova, Assel"]
[Black "Bivol, Alina"]
[Result "0-1"]
[WhiteTitle "WCM"]
[BlackTitle "IM"]
[WhiteElo "1948"]
[BlackElo "2360"]
[WhiteFideId "13713248"]
[BlackFideId "4100123"]
[EventDate "2025.12.26"]

1. e4 e6 2. Nf3 d5 3. Nc3 dxe4 4. Nxe4 Be7 5. d4 Nf6 6. Bd3 Nxe4 7. Bxe4 Nd7 8.
Ne5 Nxe5 9. dxe5 Qxd1+ 10. Kxd1 c6 11. Be3 Kd7 12. c3 Kc7 13. a4 Bd7 14. b4 a5
15. Bd2 axb4 16. cxb4 c5 17. a5 cxb4 18. Kc2 Bc6 19. Bd3 Rhd8 20. Be3 Rd5 21.
Bb6+ Kd7 22. Rhd1 Rxe5 23. Be4+ Bd5 24. Bxd5 Rxd5 25. Kb3 Rc8 26. Bd4 f6 27. f4
Rc6 28. Bb2 Rxd1 29. Rxd1+ Rd6 30. Rxd6+ Bxd6 31. Bc1 Kc6 32. Kc4 b3 33. g3 Bc7
34. Kb4 Kd5 35. Kxb3 Bxa5 36. Ba3 Ke4 37. Bf8 g6 38. Be7 f5 39. Kc4 Bb6 40. h3
Bf2 41. Bh4 0-1

[Event "World Rapid Women 2025"]
[Site "Doha QAT"]
[Date "2025.12.27"]
[Round "6.54"]
[White "Lyutsinger, Iren"]
[Black "Vo, Thi Kim Phung"]
[Result "1/2-1/2"]
[WhiteTitle "FM"]
[BlackTitle "WGM"]
[WhiteElo "2169"]
[BlackElo "2322"]
[WhiteFideId "34425969"]
[BlackFideId "12401838"]
[EventDate "2025.12.26"]

1. e4 e6 2. d4 d5 3. Nc3 Nf6 4. e5 Nfd7 5. f4 c5 6. Nf3 Nc6 7. Be3 Be7 8. a3 a6
9. dxc5 Nxc5 10. b4 Nd7 11. Bd3 O-O 12. O-O f6 13. Nd4 Nxd4 14. Bxd4 fxe5 15.
fxe5 Rxf1+ 16. Qxf1 Nf8 17. Qf3 Bd7 18. Rf1 Be8 19. Ne2 Ng6 20. Qh3 Qd7 21. Nf4
Bf7 22. Nxg6 Bxg6 23. Bxg6 hxg6 24. Qg4 g5 25. Be3 Rc8 26. Rf2 Rc3 27. Bxg5 Bxg5
28. Qxg5 Rxa3 29. h4 Qe8 30. h5 Ra1+ 31. Kh2 Kh7 32. Rf4 Re1 33. Rh4 Rf1 34. Rg4
Qf7 35. Qg6+ Qxg6 36. Rxg6 Rf4 37. Rxe6 Rxb4 38. Rd6 Re4 39. Rxd5 Kh6 40. Kg3
Kxh5 41. Kf3 Re1 42. Kf4 Kg6 43. Rd7 Re2 44. c4 Rc2 45. Rc7 a5 46. Ke4 a4 47.
Rxb7 Rxc4+ 48. Kd5 Rc2 49. Ra7 Rd2+ 50. Ke6 Rxg2 51. Rxa4 Rb2 52. Ra7 Rb6+ 53.
Kd5 Rb5+ 54. Kd6 Rb6+ 55. Kc5 Rb1 56. Kd5 Rb5+ 57. Kd6 Rb6+ 58. Kc5 Rb1 59. Ra5
Kf7 60. Kd6 Rd1+ 61. Rd5 Rxd5+ 62. Kxd5 Ke7 63. Ke4 1/2-1/2

[Event "World Rapid Women 2025"]
[Site "Doha QAT"]
[Date "2025.12.27"]
[Round "6.55"]
[White "Nandhidhaa, P V"]
[Black "Nguyen Hong Nhung"]
[Result "1/2-1/2"]
[WhiteTitle "WGM"]
[BlackTitle "FM"]
[WhiteElo "2257"]
[BlackElo "2268"]
[WhiteFideId "5050847"]
[BlackFideId "12412201"]
[EventDate "2025.12.26"]

1. e4 c5 2. Nc3 e6 3. Nf3 Nc6 4. d4 cxd4 5. Nxd4 Qc7 6. g3 a6 7. Bg2 Nf6 8. O-O
Bc5 9. Be3 Ne5 10. Bf4 d6 11. Nb3 Ba7 12. a4 O-O 13. a5 h6 14. Nd2 Bd7 15. Qe2
Bd4 16. Rfb1 Bxc3 17. bxc3 Qxc3 18. Qe3 Qxe3 19. Bxe3 Bc6 20. f4 Neg4 21. Bb6
Nd7 22. Bc7 d5 23. exd5 exd5 24. Nf3 Rac8 25. Bd6 Rfe8 26. Nd4 Ne3 27. Bh3 Re4
28. c3 Rd8 29. Bc7 Rc8 30. Bd6 Rd8 31. Bc7 Rc8 32. Bd6 Rd8 33. Bc7 Rc8 1/2-1/2

[Event "World Rapid Women 2025"]
[Site "Doha QAT"]
[Date "2025.12.27"]
[Round "6.56"]
[White "Druzhinina, Olga"]
[Black "Gong, Qianyun"]
[Result "1/2-1/2"]
[WhiteTitle "WFM"]
[BlackTitle "WGM"]
[WhiteElo "2175"]
[BlackElo "2228"]
[WhiteFideId "4141911"]
[BlackFideId "8602425"]
[EventDate "2025.12.26"]

1. e4 e6 2. d4 d5 3. e5 c5 4. c3 Nc6 5. Nf3 Nge7 6. Na3 cxd4 7. cxd4 Nf5 8. Nc2
Be7 9. Be2 O-O 10. O-O Bd7 11. g3 Rc8 12. h4 f6 13. exf6 Bxf6 14. Bg5 h6 15.
Bxf6 Qxf6 16. b4 Be8 17. b5 Na5 18. Nh2 Nc4 19. Ng4 Qe7 20. Bxc4 Rxc4 21. Ne5
Rc8 22. a4 Qf6 23. Rc1 a6 24. Qd3 axb5 25. axb5 Nd6 26. Rb1 Ne4 27. Ng4 Qg6 28.
Nce3 Rc3 29. Qe2 h5 30. Ne5 Qf6 31. Rbc1 Rxc1 32. Rxc1 Qxf2+ 33. Qxf2 Nxf2 34.
Rc7 Bxb5 35. Rxb7 Be2 36. Ng6 Rf6 37. Nf4 Ne4 38. Nxe2 Rf3 39. Nf1 g5 40. Re7
gxh4 41. gxh4 Rf6 42. Ra7 Rg6+ 43. Kh2 Nf2 44. Nfg3 Ng4+ 45. Kg1 Nf6 46. Ra6 Ne4
47. Kg2 Kf7 48. Kf3 Nd2+ 49. Ke3 Nc4+ 50. Kd3 Rg4 51. Nxh5 Rxh4 52. Nhf4 Rh1 53.
Rxe6 Rd1+ 54. Kc2 Rd2+ 55. Kc3 Ra2 56. Rh6 Ne3 57. Rh3 Ra3+ 58. Kb4 Nc2+ 59. Kc5
Rxh3 60. Nxh3 Nxd4 61. Kxd4 Kf6 62. Nhf4 Kf5 63. Nd3 Kf6 64. Nef4 Kf5 65. Ng2
Kf6 66. Ngf4 Kf5 67. Ne2 Kf6 68. Ne5 Kf5 69. Nc3 Kf6 1/2-1/2

[Event "World Rapid Women 2025"]
[Site "Doha QAT"]
[Date "2025.12.27"]
[Round "6.57"]
[White "Girya, Olga"]
[Black "Mikheeva, Galina"]
[Result "1-0"]
[WhiteTitle "GM"]
[BlackTitle "FM"]
[WhiteElo "2398"]
[BlackElo "2122"]
[WhiteFideId "4195752"]
[BlackFideId "44108320"]
[EventDate "2025.12.26"]

1. d4 d5 2. c4 e6 3. Nc3 c5 4. cxd5 cxd4 5. Qa4+ Bd7 6. Qxd4 exd5 7. Qxd5 Nc6 8.
Nf3 Nf6 9. Qd1 Bc5 10. e3 Qe7 11. Be2 O-O 12. O-O Rfd8 13. Bd2 Bf5 14. Qb3 a6
15. Rfd1 b5 16. Be1 Nb4 17. Nd4 Rxd4 18. exd4 Bc2 19. Qa3 Bd6 20. Nxb5 Bxd1 21.
Nxd6 Nc2 22. Qf3 Rd8 23. Rxd1 Nxe1 24. Rxe1 Qxd6 25. Rd1 g6 26. h3 Kg7 27. Bc4
Qb6 28. Qb3 Qa7 29. Qc3 Ne4 30. Qe3 Nd6 31. Qe5+ f6 32. Qc5 Qb7 33. Bd5 Qe7 34.
Bb3 Rc8 35. Qd5 Rd8 36. Qa5 Ra8 37. Re1 Qd7 38. Qd5 Rd8 39. Qe6 Nb5 40. Qxa6
Nxd4 41. Qb6 f5 42. Qc5 Kh6 43. Re7 Qc8 44. Qe5 Qc1+ 45. Kh2 Kg5 46. Rxh7 Qf4+
47. Qxf4+ Kxf4 48. Rb7 Ne2 49. Rc7 Rb8 50. Rc6 g5 51. Rc4+ Ke5 52. Rc5+ Kf6 53.
Rc6+ Kg7 54. Rc7+ Kf6 55. Rf7+ Kg6 56. Rd7 Nc1 57. Rd6+ Kg7 58. Bc2 Rxb2 59.
Bxf5 Rxf2 60. Be4 Kf8 61. a4 Rf4 62. Bc6 Nb3 63. Rg6 Rf5 64. Kg3 Kf7 65. Rd6 Ke7
66. Rd5 Rf6 67. Bb5 Rg6 68. Kg4 Rf6 69. Kxg5 Rf2 70. g4 Nd2 71. Re5+ Kd6 72. Re2
Nf3+ 73. Kf4 Rf1 74. Re6+ Kxe6 75. Bxf1 1-0

[Event "World Rapid Women 2025"]
[Site "Doha QAT"]
[Date "2025.12.27"]
[Round "6.58"]
[White "Zhu, Chen"]
[Black "Machlik, Monika"]
[Result "1-0"]
[WhiteTitle "GM"]
[WhiteElo "2423"]
[BlackElo "2084"]
[WhiteFideId "8600546"]
[BlackFideId "1513621"]
[EventDate "2025.12.26"]

1. d4 Nf6 2. c4 e6 3. Nf3 Bb4+ 4. Bd2 a5 5. g3 d6 6. Bg2 Nc6 7. O-O e5 8. Bc1
exd4 9. Nxd4 Nxd4 10. Qxd4 Bc5 11. Qd3 O-O 12. Nc3 Re8 13. b3 c6 14. Bb2 Bg4 15.
h3 Bh5 16. e4 Bg6 17. Kh2 Nd7 18. f4 f6 19. Rad1 Qe7 20. a3 Rad8 21. Qf3 Nb6 22.
a4 Bb4 23. f5 Bf7 24. Qg4 Nd7 25. Ne2 Nc5 26. Nd4 h5 27. Qh4 Nxe4 28. Rd3 Ng5
29. Qf4 d5 30. cxd5 cxd5 31. h4 Bd6 32. Qc1 Ne4 33. Rff3 Rc8 34. Qd1 Bb4 35. Bh3
Rc7 36. Ne6 Bxe6 37. fxe6 Rec8 38. Bd4 Rc2+ 39. Bg2 Rc1 40. Qe2 R8c2 41. Qe3 Bd2
42. Rxd2 Rxd2 43. Rf2 Rxf2 44. Qxc1 Re2 45. Qc8+ Qf8 46. Qd7 Qb8 47. Qf7+ Kh8
48. Qxh5+ Kg8 49. Qxe2 Qxg3+ 50. Kg1 Qxh4 51. Bf2 Qg5 52. Qc2 Qf4 53. Bb6 Qg3
54. Qd1 Qc3 55. Bxe4 dxe4 56. Qd8+ Kh7 57. Qd5 Qg3+ 58. Kf1 Qh3+ 59. Ke1 Qg3+
60. Kd1 Qf3+ 61. Kc2 Qe2+ 62. Qd2 Qg4 63. Qh2+ Kg8 64. e7 Kf7 65. Bc5 e3 66.
Bxe3 Qe4+ 67. Kd2 Qxe7 68. Qh5+ Kg8 69. Qxa5 Qd6+ 70. Kc3 Qc6+ 71. Qc5 Qf3 72.
a5 f5 73. Qc4+ Kh7 74. Qf4 Qc6+ 75. Kb4 Qd5 76. Qh4+ Kg8 77. Qc4 Qxc4+ 78. Kxc4
Kf7 79. b4 Ke6 80. Kc5 Kd7 81. Kb6 Kc8 82. Ka7 Kc7 83. b5 g6 84. Bf4+ Kc8 85. b6 1-0

[Event "World Rapid Women 2025"]
[Site "Doha QAT"]
[Date "2025.12.27"]
[Round "6.59"]
[White "Krasteva, Beloslava"]
[Black "Yakubbaeva, Nilufar"]
[Result "1-0"]
[WhiteTitle "FM"]
[BlackTitle "WGM"]
[WhiteElo "2339"]
[BlackElo "2229"]
[WhiteFideId "2922029"]
[BlackFideId "14204487"]
[EventDate "2025.12.26"]

1. d4 Nf6 2. c4 e6 3. Nc3 d5 4. cxd5 exd5 5. Bg5 Be7 6. e3 c6 7. Bd3 O-O 8. Qc2
h6 9. Bh4 Re8 10. Nge2 Nbd7 11. O-O Ne4 12. Bxe7 Qxe7 13. Bxe4 dxe4 14. d5 f5
15. dxc6 bxc6 16. Na4 Ba6 17. Rfd1 Bd3 18. Qb3+ Kh7 19. Nd4 Qf6 20. Rac1 Ne5 21.
Nc5 f4 22. Nxd3 exd3 23. Rxd3 Nxd3 24. Qxd3+ Kh8 25. Rxc6 Qe5 26. Rc3 Rad8 27.
h3 fxe3 28. fxe3 Qg3 29. Qd2 Re4 30. Rd3 Rde8 31. Nf5 Qg6 32. Nd6 Rxe3 33. Rxe3
Rxe3 34. Qxe3 Qxd6 35. Qxa7 Qd1+ 36. Kh2 Qd6+ 37. Kh1 Qd1+ 38. Qg1 Qd2 39. Qb1
g5 40. b4 g4 41. hxg4 Qd4 42. b5 Qxg4 43. Qb2+ Kg8 44. Qb3+ Kh8 45. Qc3+ Kg8 46.
b6 Kh7 47. Qd3+ Kh8 48. Qd8+ Kh7 49. Qe7+ Kg6 50. b7 Qh5+ 51. Kg1 Qd1+ 52. Kh2
Qh5+ 53. Kg3 Qb5 54. Qe6+ Kg7 55. Qg4+ Kh7 56. Qe4+ Kg7 57. Qe7+ Kg6 58. Qe6+
Kg7 59. Qb3 Qg5+ 60. Kf3 Qf5+ 61. Ke3 Qe5+ 62. Kd2 Qd4+ 63. Kc2 Qf2+ 64. Kd3
Qg3+ 65. Kd4 Qd6+ 66. Qd5 Qb4+ 67. Ke5 Qe7+ 68. Kf4 Qb4+ 69. Qe4 Qd2+ 70. Kf5
Qd7+ 71. Ke5 Qe7+ 72. Kf4 Qf8+ 73. Kg3 Qd6+ 74. Kh3 h5 75. a4 Kh6 76. a5 Qd7+
77. Kg3 Qg7+ 78. Kf3 Qd4 79. Qxd4 1-0

[Event "World Rapid Women 2025"]
[Site "Doha QAT"]
[Date "2025.12.27"]
[Round "6.60"]
[White "Francisco Guecamburu, Candela Be"]
[Black "Jimenez Fernandez, Rebeca"]
[Result "1-0"]
[WhiteTitle "WGM"]
[BlackTitle "WFM"]
[WhiteElo "2238"]
[BlackElo "2137"]
[WhiteFideId "160911"]
[BlackFideId "32070934"]
[EventDate "2025.12.26"]

1. e4 c5 2. Nf3 Nc6 3. Bc4 e6 4. O-O a6 5. Re1 b5 6. Bf1 Nge7 7. a4 Rb8 8. axb5
axb5 9. Nc3 b4 10. Na4 Ng6 11. d4 cxd4 12. Nxd4 Be7 13. Nxc6 dxc6 14. Qxd8+ Bxd8
15. f4 O-O 16. g3 Ra8 17. Be3 Bf6 18. h4 Rd8 19. h5 Nf8 20. e5 Be7 21. Bg2 Bb7
22. Nc5 Bxc5 23. Bxc5 b3 24. cxb3 Nd7 25. b4 Rxa1 26. Rxa1 Nb8 27. Ra7 Ba6 28.
Bd6 Bb5 29. Ra8 1-0

[Event "World Rapid Women 2025"]
[Site "Doha QAT"]
[Date "2025.12.27"]
[Round "6.61"]
[White "Luong Phuong Hanh"]
[Black "Nguyen Hong Anh"]
[Result "1-0"]
[WhiteTitle "WIM"]
[BlackTitle "WIM"]
[WhiteElo "2236"]
[BlackElo "2010"]
[WhiteFideId "12401013"]
[BlackFideId "12406732"]
[EventDate "2025.12.26"]

1. Nf3 d5 2. d4 Nf6 3. c4 c6 4. Qc2 g6 5. Bf4 Bg7 6. e3 O-O 7. Nc3 Bf5 8. Qb3
Qb6 9. h3 Nbd7 10. Be2 Be6 11. Ng5 dxc4 12. Qc2 c5 13. Nxe6 Qxe6 14. d5 Nxd5 15.
Nxd5 Qxd5 16. O-O Nb6 17. a4 e5 18. e4 Qc6 19. Be3 a5 20. Bxc4 Nxc4 21. Qxc4 b6
22. Rfd1 Rad8 23. b3 Rd6 24. Bg5 Rd4 25. Rxd4 exd4 26. Re1 Re8 27. Qd3 f5 28. f3
Qd6 29. Bh4 Qf4 30. Qb5 Rf8 31. Be7 Qg3 32. Kf1 fxe4 33. Qc4+ Rf7 34. Rxe4 Be5
35. Qe6 Bg7 36. Bd6 Qg5 37. Rf4 Bf6 38. h4 1-0

[Event "World Rapid Women 2025"]
[Site "Doha QAT"]
[Date "2025.12.27"]
[Round "6.62"]
[White "Zherebtsova, Alexandra"]
[Black "Rouda Essa, Alserkal"]
[Result "1-0"]
[WhiteTitle "FM"]
[BlackTitle "WGM"]
[WhiteElo "2307"]
[BlackElo "2052"]
[WhiteFideId "24129518"]
[BlackFideId "9314318"]
[EventDate "2025.12.26"]

1. d4 Nf6 2. Bf4 e6 3. e3 Be7 4. Nd2 O-O 5. Bd3 b6 6. h3 Bb7 7. Ngf3 d6 8. O-O
Nbd7 9. a4 a5 10. Bh2 Re8 11. e4 Bf8 12. Re1 e5 13. c3 g6 14. Qc2 Bg7 15. Rad1
Nh5 16. Bb5 c6 17. Bf1 Rc8 18. Nc4 Bf8 19. dxe5 d5 20. exd5 cxd5 21. Nd6 Bxd6
22. exd6 Rxe1 23. Rxe1 Qf6 24. Qd2 Bc6 25. Nd4 Bb7 26. Bb5 Nc5 27. d7 Rf8 28.
Bc7 Ne4 29. Qe3 1-0

[Event "World Rapid Women 2025"]
[Site "Doha QAT"]
[Date "2025.12.27"]
[Round "6.63"]
[White "Khalilova, Madinabonu"]
[Black "Fawaz, Nadia"]
[Result "1-0"]
[WhiteTitle "WCM"]
[BlackTitle "WFM"]
[WhiteElo "2241"]
[BlackElo "1957"]
[WhiteFideId "14223422"]
[BlackFideId "5309743"]
[EventDate "2025.12.26"]

1. d4 d5 2. c4 e6 3. Nf3 Nf6 4. g3 c5 5. Bg2 cxd4 6. cxd5 exd5 7. Nxd4 Bb4+ 8.
Bd2 Bxd2+ 9. Qxd2 O-O 10. Nc3 Nc6 11. O-O Qb6 12. Nb3 Be6 13. Rad1 Rad8 14. e3
Ne5 15. Qd4 Qxd4 16. Nxd4 a6 17. Na4 Rc8 18. Nb6 Rc7 19. Rc1 Nc6 20. Rc2 Re8 21.
Kh1 h6 22. Rfc1 Ne4 23. f3 Nd6 24. g4 Nc4 25. Nxe6 Rxe6 26. Nxd5 Rd7 27. e4 N4e5
28. h3 Nd3 29. Rd1 Ndb4 30. Rcd2 Nxd5 31. Rxd5 Rc7 32. Rc1 Ree7 33. a3 Red7 34.
f4 Ne7 35. Rxd7 Rxd7 36. Rc2 Ng6 37. Rf2 Ne7 38. e5 b6 39. Kh2 g6 40. Re2 Rd4
41. Kg3 Rd3+ 42. Kf2 h5 43. Rc2 Rd7 44. Bf3 hxg4 45. hxg4 a5 46. Ke3 Kg7 47. Rc3
b5 48. Rc5 b4 49. Rxa5 bxa3 50. bxa3 Rc7 51. Kd4 Rd7+ 52. Kc4 Rc7+ 53. Rc5 Ra7
54. Kb4 Rd7 55. a4 Rd4+ 56. Rc4 Rd3 57. Bb7 Rd1 58. Rc7 Rb1+ 59. Kc5 Kf8 60. a5
Ke8 61. a6 Rc1+ 62. Kb6 Rb1+ 63. Ka7 Kd8 64. Kb8 Nd5 65. Rxf7 Ne7 66. Rxe7 Kxe7
67. a7 1-0

[Event "World Rapid Women 2025"]
[Site "Doha QAT"]
[Date "2025.12.27"]
[Round "6.64"]
[White "Li, Xueyi"]
[Black "Echcharbiny, Wissal"]
[Result "1-0"]
[WhiteTitle "WGM"]
[WhiteElo "2202"]
[BlackElo "1726"]
[WhiteFideId "8605912"]
[BlackFideId "9014853"]
[EventDate "2025.12.26"]

1. d4 d5 2. c4 c6 3. Nf3 Nf6 4. cxd5 cxd5 5. Nc3 Nc6 6. Bf4 Qb6 7. Qb3 Qxb3 8.
axb3 a6 9. Nb5 Kd8 10. Ng5 Be6 11. Nc7 Rc8 12. Ncxe6+ fxe6 13. Nf7+ Ke8 14. Nxh8
Nxd4 15. Rc1 Rxc1+ 16. Bxc1 Nxb3 17. Bf4 Nd4 18. f3 g6 19. e3 Nc6 20. Bd3 Bg7
21. Nxg6 hxg6 22. Bxg6+ Kd7 23. Kf2 Ne8 24. h4 Nc7 25. b3 Nb5 26. h5 Bh8 27. Bd3
Nd6 28. Bxd6 exd6 29. g4 Ne5 30. Be2 Ke7 31. Rc1 Nc6 32. Bxa6 Nb4 33. Rc8 Bg7
34. Be2 1-0

[Event "World Rapid Women 2025"]
[Site "Doha QAT"]
[Date "2025.12.27"]
[Round "6.65"]
[White "Liu, Shilan"]
[Black "Alotaibi, Maitha Abdulrahman A"]
[Result "1-0"]
[WhiteTitle "WGM"]
[WhiteElo "2109"]
[BlackElo "1600"]
[WhiteFideId "8600279"]
[BlackFideId "21524009"]
[EventDate "2025.12.26"]

1. e4 c5 2. Nf3 Nc6 3. d4 cxd4 4. Nxd4 e5 5. Nb5 d6 6. c4 a6 7. N5c3 Nf6 8. Be2
Nd4 9. O-O Be7 10. Re1 O-O 11. Bf1 Be6 12. Be3 Nc6 13. Nd5 Bxd5 14. exd5 Nd4 15.
Bxd4 exd4 16. Qxd4 Rc8 17. Nc3 Nd7 18. Rac1 Bf6 19. Qd2 Nb6 20. Ne4 Re8 21.
Nxf6+ Qxf6 22. b3 Nd7 23. Re3 Rxe3 24. Qxe3 Nc5 25. Re1 Kf8 26. g3 Nd7 27. Bh3
Qd8 28. Kg2 Rc7 29. Bxd7 Rxd7 30. a4 Re7 31. Qxe7+ Qxe7 32. Rxe7 Kxe7 33. Kf3
Kf6 34. Ke4 g6 35. a5 Ke7 36. Kd4 Kd7 37. b4 Kc7 38. h4 b6 39. axb6+ Kxb6 40.
c5+ dxc5+ 41. bxc5+ Kc7 42. Kc4 f6 43. Kb4 f5 44. Ka5 Kb7 45. c6+ Kc7 46. Kxa6
h6 47. Kb5 g5 48. Kc5 g4 49. d6+ Kd8 50. c7+ Kd7 51. Kb6 1-0